| 000 | 00667pam a2200241 i 4500 | ||
|---|---|---|---|
| 001 | 2753731 | ||
| 003 | OSt | ||
| 005 | 20160201092353.0 | ||
| 008 | 790418s1980 cau b 001 0 eng | ||
| 010 | _a 79013237 | ||
| 020 |
_a9780195336245 _c$18.95 |
||
| 040 | _aSEKU | ||
| 050 | 0 | 0 |
_aTA 177.4 _b.N4 1980 |
| 100 | 1 | _aNewnan, Donald G. | |
| 245 | 1 | 0 |
_aEngineering economic analysis _cDonald G. Newnan. |
| 250 | _a10th ed. | ||
| 260 |
_aSan Jose, Calif. : _bEngineering Press, _c1980. |
||
| 300 |
_aviii, 470 p. : _bgraphs ; _c24 cm. |
||
| 500 | _aIncludes index. | ||
| 504 | _aBibliography: p. 461-463. | ||
| 650 | 0 | _aEngineering economy. | |
| 942 |
_2lcc _cGEN |
||
| 999 |
_c10146 _d10146 |
||